Succeeding with Object databases : (Record no. 33401)

MARC details
000 -LEADER
fixed length control field 01362cam a22003014a 4500
005 - DATE AND TIME OF LATEST TRANSACTION
control field 20230903100432.0
008 - FIXED-LENGTH DATA ELEMENTS--GENERAL INFORMATION
fixed length control field 000621s2001 nyua b 001 0 eng
010 ## - LIBRARY OF CONGRESS CONTROL NUMBER
LC control number 00043455
020 ## - INTERNATIONAL STANDARD BOOK NUMBER
ISBN 0471383848 (cloth : alk. paper)
040 ## - CATALOGING SOURCE
Original cataloging agency DLC
Transcribing agency DLC
Modifying agency DLC
042 ## - AUTHENTICATION CODE
Authentication code pcc
050 00 - LIBRARY OF CONGRESS CALL NUMBER
Classification number QA76.9.D3
Item number C3848 2001
082 00 - DEWEY DECIMAL CLASSIFICATION NUMBER
Classification number 005.75/7
Edition number 21
Item number CHA-S
100 1# - MAIN ENTRY--AUTHOR
Author Name Chaudhri, Akmal B.
245 10 - TITLE STATEMENT
Title Succeeding with Object databases :
Remainder of title a practical look at today's implementations with Java and XML /
Statement of responsibility, etc. Akmal B. Chaudhri, Roberto Zicari.
260 ## - PUBLICATION, DISTRIBUTION, ETC.
Place of Publication New York :
Name of publisher, distributor, etc. Wiley,
Date of publication, distribution, etc. c2001.
300 ## - PHYSICAL DESCRIPTION
Pages xxi, 442 p. :
504 ## - BIBLIOGRAPHY, ETC. NOTE
Bibliography, etc. note Includes bibliographical references (403-420) and index.
650 #0 - SUBJECT ADDED ENTRY--TOPICAL TERM
Subject / Department Object-oriented databases.
650 #0 - SUBJECT ADDED ENTRY--TOPICAL TERM
Subject / Department Java (Computer program language)
650 #0 - SUBJECT ADDED ENTRY--TOPICAL TERM
Subject / Department XML (Document markup language)
700 1# - ADDED ENTRY--PERSONAL NAME
Personal name Zicari, Roberto.
300 ## - PHYSICAL DESCRIPTION
-- ill. ;
-- 25 cm.
856 4# -
-- Table of Contents
-- http://www.loc.gov/catdir/toc/onix06/00043455.html
856 42 -
-- Contributor biographical information
-- http://www.loc.gov/catdir/enhancements/fy0707/00043455-b.html
906 ## - LOCAL DATA ELEMENT F, LDF (RLIN)
a 7
b cbc
c orignew
d 1
e ocip
f 20
g y-gencatlg
952 ## - LOCATION AND ITEM INFORMATION (KOHA)
-- 0
-- 0
Holdings
Lost status Damaged status Collection code Permanent Location Current Location Shelving Location Date acquired Full Call Number Accession No./Barcode Date last seen item type Koha item type
    CS/IT Superior Information Resource Center (SIRC) Superior University- Central Library Superior Information Resource Center (SIRC) Superior University- Central Library Data base 09/03/2023 005.75 CHA-S 2001 19779 09/03/2023 BOOK BOOK

Powered by Koha